| 000 | 00522nam a2200217Ia 4500 | ||
|---|---|---|---|
| 008 | 130729s9999 xx 000 0 und d | ||
| 020 | _a872016358 | ||
| 072 | _aOverview Of Oil Operations | ||
| 082 | _a622 | ||
| 082 | _bR5409 | ||
| 100 |
_aWheeler,Robert R. _9863 |
||
| 245 | _aOil:From Prospect To Pipeline | ||
| 245 | _cWheeler,Robert R. & Whited,Maurine | ||
| 250 | _aFourth | ||
| 260 | _aLondon | ||
| 260 | _bGULF | ||
| 260 | _c1981 | ||
| 300 | _a106 | ||
| 300 | _fIllustration & graphs | ||
| 942 | _cBK | ||
| 999 |
_c6683 _d6683 |
||